00669nam a2200229 a 4500001001300000003000900013005001700022008004100039020002300080082001600103100002000119245002800139260004200167300000900209500003500218650001700253700002000270902000800290942000700298952011700305999001700422nice12345678IN_TiNIC20260116014851.0050524s2010 newa grp 000 0 eng  a9788130711928c45000a297.4bSMI3 aSmith, Margaret aATTARb Persian Mystics aNew Delhi bCosmo Publications c2010 a104p aincludes index and biblioraphy aSufism-Attar1 aSmith, Margaret bSRS cBK 001040708StackRoom-aHMIbHMId2011-03-09g450.00l0o297.4 SMI3p023551r2011-03-09v450.00w2005-05-24yBK c17340d17340